000
00327nam a22001457a 4500
008
210519b ||||| |||| 00| 0 eng d
020
_a
9780262033848
041
_a
eng
080
_2
3rd
_a
510
082
_a
510
100
_a
36
101
_a
MAT
245
_a
Introduction to Algorithms
_c
Thomas H. Cormen
942
_2
udc
_c
BK
999
_c
57481
_d
57481